Las Flores del Mal / (Record no. 1501)

000 -CABECERA
fixed length control field 00752nam a22002537a 4500
003 - IDENTIFICADOR DEL NÚMERO DE CONTROL
control field AR-CdUCM
008 - DATOS DE LONGITUD FIJA--INFORMACIÓN GENERAL
fixed length control field 190227b ||||| |||| 00| 0 spa d
020 ## - NÚMERO INTERNACIONAL ESTÁNDAR DEL LIBRO
ISBN 8482801155
040 ## - FUENTE DE LA CATALOGACIÓN
Agencia/entidad que catalogó originalmente la obra MUNICIPALIDAD PROVINCIAL DEL CUSCO
Entidad que transcribió la catalogación BIBLIOTECA MUNICIPAL DEL CUSCO
082 ## - NÚMERO DE LA CLASIFICACIÓN DECIMAL DEWEY
No. de Clasificación 808.81 /
Notacion interna B28
100 ## - ENTRADA PRINCIPAL--NOMBRE DE PERSONA
Nombre Personal Baudelaire, charles
245 ## - MENCIÓN DE TÍTULO
Título Las Flores del Mal /
Mención de responsabilidad Baudelaire, charles
260 ## - PUBLICACIÓN, DISTRIBUCIÓN, ETC.
Lugar de publicación, distribución, etc. Colombia :
Nombre de la editorial, distribuidor, etc. La Oveja Negra,
300 ## - DESCRIPCIÓN FÍSICA
Nº de Páginas Extensión 203 paginas ;
Dimensiones 21cm.
650 ## - PUNTO DE ACCESO ADICIONAL DE MATERIA--TÉRMINO DE MATERIA
Descriptor Literatura Poetica
9 (RLIN) 2541
650 ## - PUNTO DE ACCESO ADICIONAL DE MATERIA--TÉRMINO DE MATERIA
Descriptor Latinoamerica
9 (RLIN) 4398
650 ## - PUNTO DE ACCESO ADICIONAL DE MATERIA--TÉRMINO DE MATERIA
Descriptor poesias
9 (RLIN) 5690
700 ## - PUNTO DE ACCESO ADICIONAL--NOMBRE DE PERSONA
Nombre Personal Baudelaire, charles
9 (RLIN) 5689
700 ## - PUNTO DE ACCESO ADICIONAL--NOMBRE DE PERSONA
Nombre Personal Martínez Sarrión, Antonio
9 (RLIN) 5691
942 ## - ELEMENTOS DE PUNTO DE ACCESO ADICIONAL (KOHA)
Fuente de clasificación
Tipo de item Libros-BMC
945 ## - PROCESAMIENTO DE INFORMACIÓN LOCAL (OCLC)
Catalogador pjha
AAAA-MM-DD - Fecha de ingreso o modificacion 2019-02-27
Holdings
Estado de retiro (separado) Fuente de clasificación o esquema de estanterías Estado dañado Ubicación Sala donde se ubica Nombre de la colección Fecha de adquisición o compra Costo, precio normal en soles Signatura topográfica Código de Barras Última vez visto (Koha) Tipo de ítem (Koha)
No     Sala Humanidades Sala Humanidades Book Cart 2019-02-27 30.00 808.81 / B28 SH0000001756 2019-02-27 Libros-BMC
No     Sala Humanidades Sala Humanidades Book Cart 2019-03-13 30.00 808.81 / B28 / e.2 SH0000006809 2019-03-13 Libros-BMC

Powered by Koha